Science Quiz

Random Science or Minefield Quiz

Math Minefield Blitz: Easy as 123 Quiz Stats

 Plays Quiz Updated Jul 1, 2015

Score 0/24 Timer 01:00
0 Plays Today
Problem Answer % Correct
1 x 2 x 3???
33.1%
1 + 2 + 3???
32.9%
1 + 2 - 3???
32.6%
(1 + 2) / 3???
32.4%
1 / |2 - 3|???
31.7%
1 x 2 + 3???
31.5%
(1 + 2) x 3???
31.5%
1 x (2 + 3)???
31%
|1 - 2| x 3???
30.9%
1 ^ (2 - 3)???
29.2%
|1 - 2| ^ 3???
29%
1 ^ (2 + 3)???
29%
Problem Answer % Correct
1 - 2 + 3???
28.2%
1 + 2 x 3???
28.1%
1 + 2 ^ 3???
27.5%
(1 x 2) ^ 3???
27.5%
1 x 2 ^ 3???
27.3%
|1 - 2 - 3|???
27.2%
(1 + 2) ^ 3???
26.3%
1 ^ 2 + 3???
25.8%
|1 - 2| + 3???
25.6%
1 - (2 - 3)???
25.6%
1 + |2 - 3|???
24.9%
|1 - 2 ^ 3|???
24.3%

You're not logged in!

Compare scores with friends on all Sporcle quizzes.
OR
Log In

Show Comments

Extras

Top Quizzes Today


Score Distribution

Your Account Isn't Verified!

In order to create a playlist on Sporcle, you need to verify the email address you used during registration. Go to your Sporcle Settings to finish the process.

Report this User

Report this user for behavior that violates our Community Guidelines.

Details: